| 000 | 00410nam a22001337a 4500 | ||
|---|---|---|---|
| 020 | _a0766801175 | ||
| 040 | _cNust | ||
| 082 |
_a621.382 _bAJA |
||
| 100 |
_aAisha Ajayi _9127446 |
||
| 245 | _aPocket guide to telecommunication and information technology | ||
| 260 |
_aNew York: _bDelmar publisher, _c1999. |
||
| 650 |
_aPocket guide to telecommunication and information technology _9127447 |
||
| 942 |
_2ddc _cBK |
||
| 999 |
_c612571 _d612571 |
||